[Event "Mexican op 69th"]
[Site "Mexico City"]
[Date "2024.03.26"]
[Round "1"]
[White "Miranda Mesa, Elier"]
[Black "Reyes Serrano, Jose De Jesus"]
[Result "1-0"]
[WhiteElo "2472"]
[BlackElo "1878"]
[PlyCount "61"]
[EventDate "2024.03.26"]
[EventType "swiss"]
[EventRounds "9"]
[EventCountry "MEX"]
[SourceTitle "CB14_2024"]
[SourceDate "2024.04.01"]
[SourceVersion "1"]
[SourceVersionDate "2024.04.01"]
[SourceQuality "1"]

1. e4 e5 2. Nf3 Nf6 3. Nxe5 d6 4. Nf3 Nxe4 5. c4 Nc6 6. Nc3 Nxc3 7. dxc3 Be7 8. Be3 Bf5 9. Qd2 Qd7 10. Be2 0-0 11. h3 Rfe8 12. 0-0-0 Bg6 13. g4 Qe6 14. Ne1 Qe4 15. Nc2 Ne5 16. f4 Qxc2+ 17. Qxc2 Bxc2 18. Kxc2 Nd7 19. Bf3 Bh4 20. Bc1 Rab8 21. Rh2 Nc5 22. b4 Ne6 23. Re2 b6 24. g5 Nf8 25. Rg2 f6 26. Rg4 fxg5 27. fxg5 Bf2 28. Rf1 Be1 29. Be4 Rxe4 30. Rxe4 Bg3 31. Re7 1-0